|
|
|
|
| LEADER |
00000nam0a2200000 4500 |
| 001 |
303904 |
| 005 |
20231101010324.0 |
| 020 |
|
|
|a RU
|b 82-70349
|
| 035 |
|
|
|a (RuTPU)RU\TPU\book\329139
|
| 090 |
|
|
|a 303904
|
| 100 |
|
|
|a 20150907d1982 k y0rusy5003 ca
|
| 101 |
0 |
|
|a rus
|
| 102 |
|
|
|a RU
|
| 105 |
|
|
|a a z 001zy
|
| 200 |
1 |
|
|a Легкие сплавы, содержащие литий
|f Академия наук СССР (АН СССР), Институт металлургии им. А. А. Байкова (ИМЕТ) ; под ред. Н. Х. Абрикосова
|
| 210 |
|
|
|a Москва
|c Наука
|d 1982
|
| 215 |
|
|
|a 143 с.
|c ил.
|
| 320 |
|
|
|a Библиогр.: с. 137-142
|
| 606 |
1 |
|
|a Литиевые сплавы
|2 stltpush
|3 (RuTPU)RU\TPU\subj\40725
|
| 610 |
1 |
|
|a литий
|
| 610 |
1 |
|
|a физико-химическое взаимодействие
|
| 610 |
1 |
|
|a свойства
|
| 610 |
1 |
|
|a структура
|
| 610 |
1 |
|
|a производство
|
| 675 |
|
|
|a 669.884.5
|z rus
|v 4
|
| 702 |
|
1 |
|a Абрикосов
|b Н. Х.
|4 340
|
| 712 |
0 |
2 |
|a Академия наук СССР (АН СССР)
|b Институт металлургии им. А. А. Байкова (ИМЕТ)
|c (Москва)
|2 stltpush
|3 (RuTPU)RU\TPU\col\312
|
| 801 |
|
0 |
|a RU
|b RuMRKP
|c 19950704
|g psbo
|
| 801 |
|
1 |
|a RU
|b 63413507
|c 20150907
|
| 801 |
|
2 |
|a RU
|b 63413507
|c 20170929
|g RCR
|
| 942 |
|
|
|c BK
|